1107 1002 1752 1349 1063 1208 1282 1560 1311 1310 1477 1910 1315 1868 1002 1438 1340 1453 1434 1568 1693 1659 1551 1873 1387 1876 1997 1533 1965 1901 1327 1076 1780 1761 1331 1712 1105 1999 1590 1517 1054 1842 1178 1363 1775 1109 1601 1770 1715 1594 1859 1070 1677 1619 1941 1243 1530 1044 1459 1851 1671 1336 1145 1653 1637 1907 1552 1459 1045 1495 1215 1980 1824 1453 1432 1517 1263 1375 1960 1270 1275 1090 1153 1056 1628 1184 1289 1588 1189 1396 1345 1725 1767 1017 1128 1321 1464 1230 1962 BCNSPRNW ULIB Ver.6.0+V

เปลี่ยนเป็นภาษาไทย

Change to English
 แสดงรายละเอียดบรรณานุกรม
  กลับหน้าหลัก

Brief Record : Get Marc (ISO 2709) : E-mail record : QR code < ปิดหน้าต่าง
LEADER : 00000nam 2200000uu 4500
001    13399126738
003     ULIB
008    020711s2018 th a 000 0 eng d
020    ^a9781496365316
060    ^aQV55^bF814C
100    ^aFRANDSEN ABRAMS
245    ^aCLINICAL DRUG THERAPY RATIONALES FOR NURSING
250    ^a11st ed
260    ^aPhiladelphia :^bWolters Kluwer,^c2018
300    ^a1224 pages;^b29 cm
650    ^aPharmaceutical Preparations
650    ^aDrug Therapy
650    ^aPharmacological Phenomena
650    ^aNurses Instruction
945    ^p2295^l0^i005401
999    ^aประนอม เกษจรัล
รายการนี้ยังไม่มีแท็ก
คุณยังไม่ได้ล็อกอิน คุณสามารถมีกิจกรรมร่วมกับเว็บไซต์ได้ แต่ต้องล็อกอินก่อน ::
  ล็อกอิน

รายการสื่อสารสนเทศ

ลำดับที่ ประเภท เลขเรียก/บาร์โค้ด สถานที่ สถานะ
1. วิทยาศาสตร์การแพทย์ และสุขภาพ
หนังสือสำรอง
สถานะ=หนังสือสำรอง
QV55 F814C ฉ.1 
  Barcode: 005401
ห้องสมุดวิทยาเขตสวรรค์ประชารักษ์
►หนังสือทั่วไป
บนชั้น

รายการใกล้เคียง
    หัวเรื่อง [Pharmaceutical Preparations]
    หัวเรื่อง [Drug Therapy]
    หัวเรื่อง [Pharmacological Phenomena]
    หัวเรื่อง [Nurses Instruction]

BibComment


ยังไม่เคยถูกคอมเมนท์

คอมเมนท์ทรัพยากรรายการนี้
  คอมเมนท์: CLINICAL DRUG TH..


 Copyright 2026. Bcnsprnw @Library